[Event "Muensterland Verbandsklasse-A 0708"]
[Site "Germany"]
[Date "2008.05.17"]
[Round "9.8"]
[White "Lindenblatt, Lothar"]
[Black "Vestrick, Frank"]
[Result "1-0"]
[WhiteElo "1524"]
[BlackElo "1608"]
[PlyCount "71"]
[EventDate "2007.09.22"]
[EventType "team"]
[EventRounds "9"]
[EventCountry "GER"]
[SourceTitle "EXT 2009"]
[Source "ChessBase"]
[SourceDate "2008.11.26"]
[SourceVersion "1"]
[SourceVersionDate "2008.11.26"]
[SourceQuality "1"]
[WhiteTeam "Muenster SK IV"]
[BlackTeam "Heiden II"]
[WhiteTeamCountry "GER"]
[BlackTeamCountry "GER"]

1. c4 Nf6 2. Nc3 g6 3. g3 Bg7 4. Bg2 0-0 5. d4 d6 6. Nf3 Nc6 7. Bg5 h6 8. d5 Ne5 9. Nxe5 dxe5 10. Bd2 Ne8 11. Qc1 Kh7 12. h4 h5 13. Ne4 Kg8 14. Bb4 f5 15. Ng5 e4 16. Qc2 Nd6 17. Rd1 Qe8 18. c5 Nf7 19. Nh3 Bd7 20. b3 e6 21. Nf4 Nd8 22. c6 bxc6 23. Bxf8 Bxf8 24. dxe6 Bb4+ 25. Kf1 Bxe6 26. Qb2 Bf7 27. Bh3 Bd6 28. Ng2 Be5 29. Qc1 Ne6 30. Ne3 Bf6 31. Nc4 Nd4 32. e3 Ne6 33. Kg2 Qe7 34. Na5 c5 35. Rd2 Rd8 36. Nc6 1-0

[Event "Muensterland Verbandsliga 0405"]
[Site "Muensterland"]
[Date "2005.02.19"]
[Round "6.8"]
[White "Wuestnienhaus, Andreas"]
[Black "Lindenblatt, Lothar"]
[Result "1-0"]
[WhiteElo "1908"]
[BlackElo "1609"]
[PlyCount "135"]
[EventDate "2004.09.18"]
[EventType "team"]
[EventRounds "9"]
[EventCountry "GER"]
[SourceTitle "EXT 2006"]
[Source "ChessBase"]
[SourceDate "2005.11.24"]
[SourceVersion "1"]
[SourceVersionDate "2005.11.24"]
[SourceQuality "1"]
[WhiteTeam "Bocholt"]
[BlackTeam "Muenster II"]
[WhiteTeamCountry "GER"]
[BlackTeamCountry "GER"]

1. d4 d5 2. c4 e6 3. Nc3 Bb4 4. e3 Nf6 5. Nge2 Nbd7 6. a3 Bxc3+ 7. Nxc3 b6 8. cxd5 exd5 9. b4 0-0 10. Bd3 Bb7 11. 0-0 a5 12. b5 Rc8 13. a4 Ne4 14. Bb2 Ndf6 15. Rc1 Qd6 16. f3 Nxc3 17. Rxc3 Qe6 18. Kh1 Rfd8 19. Qc2 c6 20. Bf5 Qe8 21. Bxc8 Rxc8 22. bxc6 Rxc6 23. Re1 Rxc3 24. Bxc3 Bc6 25. Qb3 Nd7 26. e4 dxe4 27. d5 Bb7 28. fxe4 Qd8 29. Qc4 Nc5 30. Qd4 f6 31. e5 Nb3 32. Qg4 f5 33. Qxf5 Qxd5 34. Qg4 h5 35. Qg6 Qc6 36. Qxc6 Bxc6 37. e6 Bxa4 38. Rf1 Be8 39. e7 Bf7 40. Rf5 Nc5 41. Bxa5 g6 42. Rd5 Be8 43. Bxb6 Nd7 44. Ba5 Kf7 45. Bb4 Nf6 46. Rd2 Ne4 47. Re2 Bc6 48. Kg1 g5 49. Rc2 Bb5 50. Rc8 Be8 51. Rc1 Bb5 52. Re1 Bc6 53. Rf1+ Ke6 54. Rf8 Nf6 55. Kf2 Be8 56. Ba3 Bc6 57. Kg1 Bd7 58. Kf1 Bb5+ 59. Kf2 Bc6 60. Ke2 Be8 61. Kd3 Bc6 62. Kd4 Ne8 63. g3 g4 64. Ke3 Nf6 65. Kf4 Be8 66. Kg5 Nh7+ 67. Kh6 Nf6 68. Kg7 1-0